000 01025cam a22003257a 4500
003 CHAP
005 20220329141326.0
008 971013s1988 ck r 00010 spa d
010 _a66431
011 _a67403
035 _a76873
040 _cCHAP
082 _a631
_bL6
100 0 0 _aLópez Soto, Nilson.
_968361
245 1 0 _aAdministración de fincas
_c/por Nilson López Soto
260 _aBogotá :
_bUniversidad Nacional de Colombia,
_c1988
300 _a186 p.
500 _a28-41
590 _aBATCH-UPD
_b10
_c20130110
_lUCH01
_h1039
590 _aBATCH-UPD
_b10
_c20130410
_lUCH01
_h0639
590 _aBATCH-UPD
_b10
_c20130914
_lUCH01
_h0018
590 _aCONVERSION
_b10
_c20130109
_lUCH01
_h1337
650 1 4 _aAgricultura
_xColombia.
_91368
650 1 4 _aDesarrollo de la comunidad rural
_xColombia.
_932005
650 1 4 _aEmpresas agropecuarias.
_936649
650 1 4 _aReforma agraria
_xColombia.
_995535
901 _aBK
942 _cLIBRO
949 _a631 L6
_bBC
_cLIBRO
_d33724000050993
_eLIBRO
_h74964
_i76873
_si
999 _c66431
_d66431